| 000 | 00591nam a22001937a 4500 | ||
|---|---|---|---|
| 005 | 20251108170525.0 | ||
| 008 | 250721s1997 xx 000 0 ara d | ||
| 082 | 1 | 4 | _a634/دجو |
| 100 | 1 | _aالدجوي، علي | |
| 245 | 1 | 0 | _aموسوعة زراعة و إنتاح نباتات الفاكهة / |
| 264 | 1 |
_aالقاهره : _bمكتبة مدبولي، _c1997. |
|
| 300 | _aج2. | ||
| 650 | 1 | 7 | _aالفواكه |
| 650 | 1 | 7 | _aمنتجات الفواكه |
| 650 | 1 | 7 | _aأشجار الفاكهة |
| 650 | 1 | 7 | _aزراعة أشجار الفاكهة |
| 942 |
_2ddc _cBK |
||
| 999 |
_c42612 _d42612 |
||